অগ্নিমানুষ / (Record no. 730)
[ view plain ]
| 000 -LEADER | |
|---|---|
| fixed length control field | 00689nam a22002297a 4500 |
| 001 - CONTROL NUMBER | |
| JCCL Control Number | 730 |
| 003 - CONTROL NUMBER IDENTIFIER | |
| JCCL marc code | BD-JhCC |
| 005 - DATE AND TIME OF LATEST TRANSACTION | |
| control field | 20190709134016.0 |
| 008 - FIXED-LENGTH DATA ELEMENTS--GENERAL INFORMATION | |
| fixed length control field | 171009s2006 bg |||| |||| 000 0 ben d |
| 020 ## - INTERNATIONAL STANDARD BOOK NUMBER | |
| International Standard Book Number | 9844585384 |
| 035 ## - SYSTEM CONTROL NUMBER | |
| system control number | (BD-JhCC)730 |
| 040 ## - CATALOGING SOURCE | |
| Original cataloging agency | BD-JhCC |
| Modifying agency | BD-JhCC |
| 041 ## - LANGUAGE CODE | |
| Language code of Book | ben |
| 082 ## - DEWEY DECIMAL CLASSIFICATION NUMBER | |
| Classification number | 891.443 |
| Author mark and Year | ASL 2006 |
| 100 ## - MAIN ENTRY--PERSONAL NAME | |
| Personal name | আসলাম, সুমন্ত |
| 245 ## - TITLE STATEMENT | |
| Title | অগ্নিমানুষ / |
| Statement of responsibility, etc | সুমন্ত আসলাম |
| 260 ## - PUBLICATION, DISTRIBUTION, ETC. (IMPRINT) | |
| Place of publication, distribution, etc | ঢাকা : |
| Name of publisher, distributor, etc | সময় প্রকাশনী, |
| Date of publication, distribution, etc | ২০০৬. |
| 300 ## - PHYSICAL DESCRIPTION | |
| Pagination | ১০৩ পৃ. : |
| Dimensions | ২২ সেমি. |
| 650 ## - SUBJECT ADDED ENTRY--TOPICAL TERM | |
| Topical term or geographic name as entry element | Bengali Novel |
| 942 ## - ADDED ENTRY ELEMENTS (KOHA) | |
| Source of classification or shelving scheme | Dewey Decimal Classification |
| Koha item type | Books |
| Koha issues (borrowed), all copies | 2 |
| Source of classification or shelving scheme | Damaged status | Not for loan | Home library | Current library | Shelving location | Date of accession | Source of acquisition | Cost, normal purchase price | Total Checkouts | Full call number | Barcode | Date last seen | Date checked out | Copy number | Koha item type |
|---|---|---|---|---|---|---|---|---|---|---|---|---|---|---|---|
| Dewey Decimal Classification | JCC Rouf Library | JCC Rouf Library | General Stacks | 10/09/2017 | Fundation of the Tenth's Efforts | 100.00 | 1 | 891.443 ASL 2006 | 1737 | 07/15/2019 | 07/08/2019 | C-1 | Books | ||
| Dewey Decimal Classification | JCC Rouf Library | JCC Rouf Library | General Stacks | 10/02/2018 | 100.00 | 2 | 891.443 ASL 2006 | 10441 | 02/19/2024 | 02/18/2024 | C-2 | Books |